Literary Title Threesomes Quiz Stats

 Plays Quiz Updated Dec 26, 2018

Also try: Movie Threesomes
Challenge
Share
Tweet
Score 0/78 Timer 06:00
3 Plays Today
Hint Title % Correct
PridePride And Prejudice
97.4%
AndPride And Prejudice
97.4%
PrejudicePride And Prejudice
97.4%
CrimeCrime And Punishment
92.3%
AndCrime And Punishment
92.3%
PunishmentCrime And Punishment
92.3%
BridgetBridget Jones's Diary
90.4%
Jones'sBridget Jones's Diary
90.4%
DiaryBridget Jones's Diary
90.4%
BraveBrave New World
84.3%
NewBrave New World
84.3%
WorldBrave New World
84.3%
FantasticFantastic Mr Fox
79%
FoxFantastic Mr Fox
79%
MrFantastic Mr Fox
79%
LifeLife Of Pi
77.2%
OfLife Of Pi
77.2%
PiLife Of Pi
77.2%
Waiting Waiting For Godot
73.2%
ForWaiting For Godot
73.2%
GodotWaiting For Godot
73.2%
HeartHeart Of Darkness
69.8%
OfHeart Of Darkness
69.8%
DarknessHeart Of Darkness
69.8%
AA Doll's House
66.4%
Doll'sA Doll's House
66.4%
HouseA Doll's House
66.4%
AnAn American Tragedy
65.2%
AmericanAn American Tragedy
65.2%
TragedyAn American Tragedy
65.2%
TheThe Little Prince
57.1%
LittleThe Little Prince
57.1%
PrinceThe Little Prince
57.1%
TheThe Cherry Orchard
55.7%
CherryThe Cherry Orchard
55.7%
OrchardThe Cherry Orchard
55.7%
MeasureMeasure For Measure
55.7%
ForMeasure For Measure
55.7%
MeasureMeasure For Measure
55.7%
Hint Title % Correct
InIn Cold Blood
54.2%
ColdIn Cold Blood
54.2%
BloodIn Cold Blood
54.2%
ThingsThings Fall Apart
47.6%
FallThings Fall Apart
47.6%
ApartThings Fall Apart
47.6%
OurOur Mutual Friend
46.3%
MutualOur Mutual Friend
46.3%
FriendOur Mutual Friend
46.3%
ThusThus Spoke Zarathustra
46.2%
SpokeThus Spoke Zarathustra
46.2%
ZarathustraThus Spoke Zarathustra
46.2%
ProfilesProfiles In Courage
41.8%
InProfiles In Courage
41.8%
CourageProfiles In Courage
41.8%
TravelsTravels With Charley
38.4%
WithTravels With Charley
38.4%
CharleyTravels With Charley
38.4%
UnderUnder The Volcano
37.6%
TheUnder The Volcano
37.6%
VolcanoUnder The Volcano
37.6%
GoGo Down, Moses
34.4%
Down,Go Down, Moses
34.4%
MosesGo Down, Moses
34.4%
WalkWalk Two Moons
28.4%
TwoWalk Two Moons
28.4%
MoonsWalk Two Moons
28.4%
MourningMourning Becomes Electra
26.1%
BecomesMourning Becomes Electra
26.1%
ElectraMourning Becomes Electra
26.1%
AA Grief Observed
22.3%
GriefA Grief Observed
22.3%
ObservedA Grief Observed
22.3%
UpUp From Slavery
21.9%
FromUp From Slavery
21.9%
SlaveryUp From Slavery
21.9%
LeafLeaf By Niggle
15.4%
ByLeaf By Niggle
15.4%
NiggleLeaf By Niggle
15.4%

You're not logged in!

Compare scores with friends on all Sporcle quizzes.
OR
Log In

You Might Also Like...

Show Comments

Extras

Top Quizzes Today


Score Distribution

Your Account Isn't Verified!

In order to create a playlist on Sporcle, you need to verify the email address you used during registration. Go to your Sporcle Settings to finish the process.

Report this User

Report this user for behavior that violates our Community Guidelines.

Details: